| 000 | 00333nam a2200133Ia 4500 | ||
|---|---|---|---|
| 008 | 230312s9999||||xx |||||||||||||| ||und|| | ||
| 082 |
_a629.132 _bDOL-F |
||
| 100 | _aDole;Charies.E | ||
| 245 | 0 | _aFlight Theory and Aerodynamics | |
| 260 |
_bWiley _c2017 |
||
| 300 | _a363 | ||
| 650 |
_aAviation _vEngineering/Technology |
||
| 942 | _cBK | ||
| 999 |
_c12981 _d12981 |
||